Keski-Pohjanmaan naapurikunnat - Statistics

Yleistilastot
  • Tätä visaa on pelattu 12 kertaa
  • Keskiarvotulos 8 / 12
Vastaustilastot
Kunta % Oikein
Kalajoki
91%
Luoto
91%
Evijärvi
82%
Kinnula
73%
Kruunupyy
73%
Sievi
73%
Vimpeli
73%
Kyyjärvi
64%
Lappajärvi
64%
Reisjärvi
64%
Kivijärvi
55%
Alajärvi
36%
Ehtoja vastaavia visoja ei löytynyt
Tulosjakauma
Jokaisen tuloksen saaneiden osuus
Persentiili vastausten määrän mukaan
Tuloshistoriasi
Et ole pelannut tätä visaa